| 000 | 00624nam a2200241Ia 4500 | ||
|---|---|---|---|
| 003 | OSt | ||
| 005 | 20221007075735.0 | ||
| 006 | a|||||r|||| 00| 0 | ||
| 007 | ta | ||
| 008 | 221006b |||||||| |||| 00| 0 eng d | ||
| 020 | _a0195629205 | ||
| 024 | _a16,669 | ||
| 037 | _cTextual | ||
| 040 |
_aFLL _cFLL _beng |
||
| 041 |
_2eng _aeng |
||
| 082 | _aX:9B.44, N1 | ||
| 100 | _aWeiner Myron | ||
| 245 | 0 | _aChild and the state in India | |
| 260 |
_aNew Delhi _bOxford University Press India _c1991 |
||
| 300 |
_a213p _ccm. |
||
| 942 |
_hX:9B.44, N1 _cTEXL _2CC |
||
| 999 |
_c1157192 _d1157192 |
||